000
00484nam a2200169Ia 4500
008
090711s9999 xx 000 0 und d
082
_b
1078
100
_a
खेडकर सुशीला
245
_a
शापित
260
_b
औदुंबर प्रकाशन
_c
2000
300
_a
217
600
_a
खेडकर सुशीला
630
_a
शापित
700
_a
खेडकर सुशीला
730
_a
शापित
942
_c
BOOK
999
_c
338085
_d
338085